000 01045nam a2200205 a 4500
008 161215e2000 ag a|||g |||| 001 j spa d
020 _a9508950897
041 _aspa
092 _c808
_l28
_sGAL
100 1 _aGaleano, Eduardo
_93095
245 3 _aEl libro de los abrazos /
_cEduardo Galeano
250 _a10a ed.
260 _aBuenos Aires:
_bCatálogos;
_c2000.
300 _a265 p.
500 _aGaleano, E. (2000). El libro de los abrazos. (1a ed.). Buenos Aires : Catálogos.
505 _aCada persona brilla con luz propia entre todas las demás. No hay dos fuegos iguales. Hay fuegos grandes y fuegos chicos y fuegos de todos los colores. Hay gente de fuego sereno, que ni se entera del viento, y gente de fuego loco, que llena el aire de chispas. Algunos fuegos, fuegos bobos, no alumbran ni queman; pero otros arden la vida con tantas ganas que no se puede miralos sin parpadear, y quien se acerca, se enciende.
590 _aProyecto 4to libro. Donación Constanzo Juan Carlos
655 _aLiteratura
_92917
942 _2ddc
_cLIT
999 _c3035
_d3035